Vista normal Vista MARC

Entrada Topical Term

Número de registros utilizados en: 3

001 - CONTROL NUMBER

  • control field: 2095

003 - CONTROL NUMBER IDENTIFIER

  • control field: OSt

005 - DATE AND TIME OF LATEST TRANSACTION

  • control field: 20200329014033.0

008 - FIXED-LENGTH DATA ELEMENTS

  • fixed length control field: 200329|| aca||aabn | a|a d

040 ## - CATALOGING SOURCE

  • Original cataloging agency: OSt
  • Transcribing agency: OSt

150 ## - HEADING--TOPICAL TERM

  • Topical term or geographic name entry element: Liberalización del intercambio

670 ## - SOURCE DATA FOUND

  • Source citation: Work cat.: (OSt)5134: Estrada Álvarez, Jairo, autor 2094, Construcción del modelo neoliberal en Colombia 1970 -2004 / , 2004